[Event "World ol U16"]
[Site "Konya"]
[Date "2018.12.02"]
[Round "9.19"]
[White "Cui, Leonardo"]
[Black "Mukambetov, Baiastan"]
[Result "1-0"]
[WhiteElo "1569"]
[BlackElo "1055"]
[PlyCount "37"]
[EventDate "2018.11.25"]
[EventType "team-swiss"]
[EventRounds "9"]
[EventCountry "TUR"]
[SourceTitle "CBM 187 Extra"]
[Source "ChessBase"]
[SourceDate "2018.11.04"]
[SourceVersion "1"]
[SourceVersionDate "2018.11.04"]
[SourceQuality "1"]
[WhiteTeam "Canada"]
[BlackTeam "Kyrgyzstan"]
[WhiteTeamCountry "CAN"]
[BlackTeamCountry "KGZ"]

1. d4 e6 2. Nf3 Bd6 3. e4 Nf6 4. e5 Be7 5. exf6 Bxf6 6. Bd3 0-0 7. 0-0 Qe7 8. Nc3 c5 9. Be3 cxd4 10. Bxd4 Bxd4 11. Nxd4 Qb4 12. Nb3 Qb6 13. Qh5 h6 14. Rae1 Qc6 15. Re3 b6 16. Rg3 Bb7 17. Qxh6 Qxg2+ 18. Rxg2 Bxg2 19. Qh7# 1-0